Naughty children / Roderick Hunt. il. : Alex Brychta (Registro nro. 47834)
[ vista simple ]
| 000 -LÍDER | |
|---|---|
| Campo fijo de descripción fija | 00639naa a2200217 i 4500 |
| 001 - NÚMERO DE CONTROL | |
| Campo de control | BINCO |
| 003 - IDENTIFICADOR DEL NÚMERO DE CONTROL | |
| Campo de control | CO-MdBIC |
| 005 - FECHA Y HORA DE LA ULTIMA TRANSACCIÓN | |
| control field | 20200320130053.0 |
| 008 - ELEMENTOS DE LONGITUD FIJA -- INFORMACIÓN GENERAL | |
| Campo fijo de descripción fija -- Información general | 200320t1995 us a||ab |||| 00| j eng d |
| 020 ## - NÚMERO INTERNACIONAL NORMALIZADO PARA LIBROS | |
| Número Internacional Normalizado del libro | 0-19-916885-7 |
| 040 ## - FUENTE DE CATALOGACIÓN | |
| Agencia de catalogación original | CO-MdBIC |
| Idioma de catalogación | spa. |
| Agencia que realiza la transcripción | CO-MdBIC |
| Agencia que realiza la modificación | CO-MdBIC |
| 041 ## - CÓDIGO DE IDIOMA | |
| Código de idioma para texto/pista de sonido o título separado | eng |
| 082 04 - NÚMERO DE CLASIFICACIÓN DECIMAL DEWEY | |
| Número de clasificación | 813C |
| Número de la edición del Dewey | 22 |
| Clave de autor-Numero de item | H91n |
| 100 ## - ASIENTO PRINCIPAL--NOMBRE PERSONAL | |
| Nombre personal | Roderick Hunt |
| Título de una obra | Naughty children |
| 245 10 - TÍTULO | |
| Título del Material | Naughty children / Roderick Hunt. il. : Alex Brychta |
| 264 ## - PRODUCCIÓN, PUBLICACIÓN, DISTRIBUCIÓN, MANUFACTURA, Y COPYRIGHT | |
| Lugar de producción, publicación, distribución, manufactura | Oxford : |
| Nombre del productor, publicador, distribuidor | University Press , |
| Fecha de producción, publicación, distribución, manufactura, o copyright | ©1995 |
| 300 ## - DESCRIPCIÓN FÍSICA | |
| Extensión | [16 páginas] : |
| Otros detalles físicos | Ilustraciones a color , |
| Dimensiones | 16cm. |
| 490 ## - MENCIÓN DE SERIE | |
| Mención de serie | OXFORD READING TREE |
| 650 14 - ASIENTO SECUNDARIO DE MATERIA - TERMINO TEMÁTICO | |
| Término temático o nombre geográfico como elemento de entrada | Literatura Infantil |
| 942 ## - TIPO DE MATERIAL (KOHA) | |
| Tipo de Item KOHA | Z- Libro General BINCO |
| Estado de Material | Estado de Perdido | Forma de Clasificación | Estado de Dañado | No para Préstamo | Colección | Tomo | Biblioteca de Origen | Biblioteca Permanente | Ubicación en Estantería | Fecha de Adquisición | Área | Total de Préstamos | Signatura Topográfica | Código de Barras | Última vez visto | Ejemplar/Existencia | Fecha de Remplazo | Tipo de Material |
|---|---|---|---|---|---|---|---|---|---|---|---|---|---|---|---|---|---|---|
| Dewey Decimal Classification | Colección Junior | Biblioteca Infantil Comunitaria BINCO | Biblioteca Infantil Comunitaria BINCO | Inglés | 24/03/2006 | BINCO | 813C H91n | B30334 | 24/11/2016 | 1 | 26/01/2016 | Z- Libro General BINCO |
